[Event "Berlin op 11"]
[Site "Berlin"]
[Date "2005.11.19"]
[Round "5"]
[White "Ziem, Eric"]
[Black "Webner, Florian"]
[Result "0-1"]
[WhiteElo "904"]
[BlackElo "935"]
[PlyCount "60"]
[EventDate "2005.11.05"]
[EventType "swiss"]
[EventRounds "7"]
[EventCountry "GER"]
[SourceTitle "EXT 2007"]
[Source "ChessBase"]
[SourceDate "2006.11.23"]
[SourceVersion "1"]
[SourceVersionDate "2006.11.23"]
[SourceQuality "1"]

1. e3 d5 2. Nc3 Nf6 3. d4 Nc6 4. Nf3 Bg4 5. h3 Bh5 6. Be2 e6 7. 0-0 Bd6 8. Nb5 0-0 9. Nxd6 cxd6 10. Qd3 e5 11. Qb5 a6 12. Qxb7 Na5 13. Qb4 e4 14. Bd2 exf3 15. Bxf3 Bxf3 16. gxf3 Nc6 17. Qb7 Ne7 18. e4 Rb8 19. Qxa6 dxe4 20. fxe4 Nxe4 21. Ba5 Qd7 22. Rfe1 d5 23. f3 Ng5 24. Kf2 Nxh3+ 25. Ke3 Nf5+ 26. Kd2 Ra8 27. Qb6 Rfb8 28. Qc5 Ng5 29. Rf1 h6 30. Rab1 Nxd4 0-1